00538nmm a2200145Ia 4500008004100000020001500041041000800056100003600064245010600100264006400206300001800270490003200288650002300320856004900343251105s9999||||xx |||||||||||||||||und|| a1882528379 aspa aGonzález Argüelles, Eloy R. 0aLa Conclusión del Amadís de Gaula :b Las sergas de Esplandián de Garci Rodríguez de Montalvo a[Washington, Estados Unidos] :bScripta Humanistica, c2001 a276 páginas aSpanish Medieval Literature aSpanish literature uhttps://public.digitaliapublishing.com/a/179